000 00698nam a2200217 i 4500
001 44033
003 ES-MaACL
005 20250725062532.0
007 t|
008 030320s1869 fr ||||1| fre d
100 1 _aCazin, Achille.
_937245
245 1 4 _aLes forces physiques /
_cpar Achille Cazin ; ouvrage illustré par A. Jahandier.
260 _aParis :
_bHachette et Cie,
_c1869 (
_fSimon Raçon et Comp.)
300 _aIV, 292 p., 8 lám. :
_bil. ;
_c19 cm.
490 1 _aBibliothèque des merveilles
650 0 7 _aFísica
_2embne
_912877
700 1 _aJahandier, A.
_965923
830 0 _aBibliothèque des merveilles
_9182004
852 _aES-MaACL
_jD-2104
999 _c44033
_d44033